00259nam a2200109Ia 4500008004100000082001900041100001600060245002300076250000900099260003300108300000800141150731s1999 xx 000 0 und d a615.32bC 99 V aVARIER,P.S. aCHIKITSA SAMGRAHAM a1 ST bARYA VAIDYA SALA KERLAc1999 a234